Transhumant grazing systems in temperate Asia

Đã lưu trong:
书目详细资料
主要作者: J. M. Suttie
格式: 图书
语言:Undetermined
出版: Rome, Italy FAO 2003
主题:
标签: 添加标签
没有标签, 成为第一个标记此记录!
Thư viện lưu trữ: Trung tâm Học liệu Trường Đại học Cần Thơ
LEADER 00538nam a2200193Ia 4500
001 CTU_59086
008 210402s9999 xx 000 0 und d
082 |a 633.2 
082 |b T772 
100 |a J. M. Suttie 
245 0 |a Transhumant grazing systems in temperate Asia 
245 0 |c Edited by J. M. Suttie and S. G. Reynolds 
260 |a Rome, Italy 
260 |b FAO 
260 |c 2003 
650 |a forage plants,animals 
650 |x feeding and feeds 
904 |i Minh 
980 |a Trung tâm Học liệu Trường Đại học Cần Thơ